Т. 2 : Ядерные реакторы, теплообменники, парогенераторы; Справочник по теплогидравлическим расчетам в ядерной энергетике

Opis bibliograficzny
Parent link:Справочник по теплогидравлическим расчетам в ядерной энергетике/ под ред. П. Л. Кириллова. Т. 2 : Ядерные реакторы, теплообменники, парогенераторы.— , 2013
Kolejni autorzy: Кириллов П. Л. Павел Леонидович, Жуков А. В. Альберт Владимирович, Логинов Н. И. Николай Иванович, Махин В. М. Валентин Михайлович, Пиоро И. Л. Игорь Леонардович, Юрьев Ю. С. Юрий Сергеевич
Streszczenie:Содержание первого тома справочника посвящено общим вопросам гидродинамики и теплообмена, которые наиболее часто встречаются в проблемах ядерной энергетики. Второй том содержит краткие описания различных типов ядерных реакторов, теплообменников и парогенераторов и особенности их тешгогидравли-ческих расчетов. Справочник предназначен студентам, выполняющим курсовые и дипломные проекты по специальностям «Атомные электрические станции», «Ядерные реакторы и энергетические установки». Справочный материал не является нормативным документом, но может быть полезен для специалистов, выполняющих аналогичные расчеты, а также аспирантов, соискателей ученых степеней для расширения их кругозора, поскольку охватывает достаточно широкую гамму типов и конструкций оборудования ЯЭУ.
Język:rosyjski
Wydane: 2013
Hasła przedmiotowe:
Format: MixedMaterials Książka
KOHA link:https://koha.lib.tpu.ru/cgi-bin/koha/opac-detail.pl?biblionumber=246374

MARC

LEADER 00000nam2a2200000 4500
001 246374
005 20231101232211.0
010 |a 9785866562657 
035 |a (RuTPU)RU\TPU\book\267824 
090 |a 246374 
100 |a 20131202d2013 km y0rusy50 ca 
101 0 |a rus 
102 |a RU 
105 |a a g 001zy 
200 0 |a Т. 2 : Ядерные реакторы, теплообменники, парогенераторы  |f П. Л. Кириллов [и др.] 
210 |d 2013 
215 |a 685 с.  |c ил. 
320 |a Библиография в конце глав. 
330 |a Содержание первого тома справочника посвящено общим вопросам гидродинамики и теплообмена, которые наиболее часто встречаются в проблемах ядерной энергетики. Второй том содержит краткие описания различных типов ядерных реакторов, теплообменников и парогенераторов и особенности их тешгогидравли-ческих расчетов. Справочник предназначен студентам, выполняющим курсовые и дипломные проекты по специальностям «Атомные электрические станции», «Ядерные реакторы и энергетические установки». Справочный материал не является нормативным документом, но может быть полезен для специалистов, выполняющих аналогичные расчеты, а также аспирантов, соискателей ученых степеней для расширения их кругозора, поскольку охватывает достаточно широкую гамму типов и конструкций оборудования ЯЭУ. 
461 1 |0 (RuTPU)RU\TPU\book\242581  |t Справочник по теплогидравлическим расчетам в ядерной энергетике  |f под ред. П. Л. Кириллова  |v Т. 2 : Ядерные реакторы, теплообменники, парогенераторы  |d 2013 
606 1 |a Ядерные реакторы  |x Теплогидродинамические процессы  |2 stltpush  |3 (RuTPU)RU\TPU\subj\21689  |9 46643 
610 1 |a ядерная энергетика 
610 1 |a активные зоны 
610 1 |a конструкции 
610 1 |a расчеты 
610 1 |a теплогидравлика 
610 1 |a водоохлаждаемые реакторы 
610 1 |a водографитовые реакторы 
610 1 |a кипящие корпусные реакторы 
610 1 |a тяжеловодные реакторы 
610 1 |a газоохлаждаемые реакторы 
610 1 |a реакторы с жидкометаллическими теплоносителями 
610 1 |a реакторы транспортного назначения 
610 1 |a космические ядерные установки 
610 1 |a теплообмен 
610 1 |a безопасность 
610 1 |a теплообменники 
610 1 |a парогенераторы 
610 1 |a теплогидравлический расчет 
610 1 |a тепловые трубы 
610 1 |a справочники 
675 |a 621.039.517(035)  |v 3 
701 1 |a Кириллов  |b П. Л.  |g Павел Леонидович 
701 1 |a Жуков  |b А. В.  |g Альберт Владимирович 
701 1 |a Логинов  |b Н. И.  |g Николай Иванович 
701 1 |a Махин  |b В. М.  |g Валентин Михайлович 
701 1 |a Пиоро  |b И. Л.  |g Игорь Леонардович 
701 1 |a Юрьев  |b Ю. С.  |g Юрий Сергеевич 
801 1 |a RU  |b 63413507  |c 20131202 
801 2 |a RU  |b 63413507  |c 20131212  |g RCR 
942 |c BK